000 00937cam a2200229 4500
001 ABS63970
008 000000n2001 000 0 eng u
035 _a(Sirsi) u112949
100 _aBlack, S
245 _aCall comfort
260 _c2001
490 _aProperty Week
_v66(21) 25 May 2001, 44-54(5)
520 _aSpecial feature on call centres and serviced offices. Illustrates how new technology has prompted the call centre sector to update its image and move to smaller units in city centres. Article also considers the factors affecting landlord's perceptions of serviced office operators, with particular reference to Regus.
590 _aABS
650 _aCALL CENTRES
650 _aSERVICED OFFICES
650 _aPROPERTY-COMMERCIAL PROPERTY-OFFICE PROPERTY-OFFICE PROPERTY MARKET
650 _aREGUS
650 _aLANDLORDS
690 _aPROPERTY-COMMERCIAL PROPERTY-COMMERCIAL PROPERTY MARKET
942 _n0
999 _c67237
_d67237